[Event "IHEM 2009"]
[Site "Hamburg"]
[Date "2009.06.01"]
[Round "3.2"]
[White "Parligras, Mircea"]
[Black "Souleidis, Georgios"]
[Result "1/2-1/2"]
[WhiteElo "2586"]
[BlackElo "2427"]
[PlyCount "98"]
[EventDate "2009.??.??"]
[EventRounds "9"]
[EventCountry "GER"]
[WhiteTeam "SG Trier"]
[BlackTeam "Sportfreunde Katernberg 1913 e.V"]

1. e4 c5 2. Nf3 Nc6 3. d4 cxd4 4. Nxd4 Qb6 5. Nb3 Nf6 6. Nc3 e6 7. Bd3 a6 8.
O-O d6 9. a4 Qc7 10. a5 Be7 11. Be3 O-O 12. f4 Re8 13. Kh1 Nb4 14. Qe2 e5 15.
Bb6 Qc6 16. f5 Bd7 17. Rad1 Rac8 18. Rd2 d5 19. exd5 Nbxd5 20. Nxd5 Qxd5 21.
Bxa6 Qc6 22. Rxd7 Qxd7 23. Bb5 Rxc2 24. Qxe5 Bd8 25. Qxe8+ Qxe8 26. Bxe8 Bxb6
27. axb6 Nxe8 28. Re1 Nf6 29. Rc1 Rxc1+ 30. Nxc1 Nd7 31. g4 Kf8 32. Kg2 Nxb6
33. Kf3 Ke7 34. Ke4 Kd6 35. Nd3 Nc4 36. h4 h6 37. g5 hxg5 38. hxg5 Nd2+ 39. Kf4
Nc4 40. Ke4 Nd2+ 41. Ke3 Nc4+ 42. Kd4 Nd2 43. Ne1 Nb3+ 44. Ke4 Nc5+ 45. Kd4
Nb3+ 46. Kc4 Nd2+ 47. Kd3 Nb3 48. Kc3 Nc5 49. Kd4 Nb3+ 1/2-1/2

[Event "IHEM 2009"]
[Site "Hamburg"]
[Date "2009.06.01"]
[Round "3.2"]
[White "Rogozenco, Dorian"]
[Black "Carlstedt, Jonathan"]
[Result "1-0"]
[WhiteElo "2546"]
[BlackElo "2322"]
[PlyCount "69"]
[EventDate "2009.??.??"]
[EventRounds "9"]
[EventCountry "GER"]

1. d4 Nf6 2. Nc3 d5 3. Bg5 Bf5 4. Bxf6 exf6 5. e3 c6 6. Bd3 Bg6 7. Nge2 Bd6 8.
Qd2 b5 9. a3 Qe7 10. Ng3 Nd7 11. a4 b4 12. Nce2 a5 13. b3 O-O 14. O-O Rfe8 15.
Bf5 Nf8 16. Bxg6 fxg6 17. c4 h5 18. Rfc1 h4 19. Nf1 h3 20. gxh3 Qe6 21. cxd5
cxd5 22. Neg3 g5 23. Qd3 g6 24. Rc6 f5 25. Nd2 f4 26. exf4 gxf4 27. Ngf1 Rac8
28. Rac1 Kg7 29. Qf3 Rxc6 30. Rxc6 Nd7 31. Qg4 Qe7 32. Nf3 Nf6 33. Qg5 Qd7 34.
Nh4 Rg8 35. Rxd6 1-0

[Event "IHEM 2009"]
[Site "Hamburg"]
[Date "2009.06.01"]
[Round "3.4"]
[White "Pajeken, Wolfgang"]
[Black "Rausis, Igor"]
[Result "0-1"]
[WhiteElo "2317"]
[BlackElo "2492"]
[PlyCount "50"]
[EventDate "2009.??.??"]
[EventRounds "9"]
[EventCountry "GER"]

1. d4 Nf6 2. c4 g6 3. f3 d5 4. cxd5 Nxd5 5. e4 Nb6 6. Nc3 Bg7 7. Be3 O-O 8. Qd2
Nc6 9. O-O-O f5 10. h4 fxe4 11. h5 gxh5 12. Bh6 Bxh6 13. Qxh6 Qd6 14. Qxh5 Bf5
15. Qg5+ Bg6 16. Nxe4 Qd5 17. Qxd5+ Nxd5 18. Bc4 Rad8 19. Nc3 e6 20. Nh3 Ne3
21. Bxe6+ Kg7 22. Rde1 Nxg2 23. Reg1 Nxd4 24. Ng5 Nf4 25. Bc4 b5 0-1

[Event "IHEM 2009"]
[Site "Hamburg"]
[Date "2009.06.01"]
[Round "3.5"]
[White "Lanka, Zigurds"]
[Black "Wohl, Aleksandar H"]
[Result "1-0"]
[WhiteElo "2470"]
[BlackElo "2376"]
[PlyCount "55"]
[EventDate "2009.??.??"]
[EventRounds "9"]
[EventCountry "GER"]

1. e4 e5 2. Nf3 Nc6 3. Bb5 Nge7 4. Nc3 h6 5. O-O g6 6. d4 exd4 7. Nxd4 Bg7 8.
Nde2 a6 9. Bc4 b5 10. Bb3 Na5 11. f4 b4 12. Nd5 Nxb3 13. axb3 Nxd5 14. Qxd5 Rb8
15. f5 Bb7 16. Qc4 Qe7 17. Ng3 h5 18. fxg6 fxg6 19. Ra5 Rc8 20. Be3 h4 21. Ne2
Rf8 22. Rxf8+ Kxf8 23. Ra1 d5 24. Qc5 dxe4 25. Qc4 c5 26. Rf1+ Ke8 27. Bg5 Qxg5
28. Qg8+ 1-0

[Event "IHEM 2009"]
[Site "Hamburg"]
[Date "2009.06.01"]
[Round "3.7"]
[White "Maahs, Erich"]
[Black "Bosch, Jeroen"]
[Result "0-1"]
[WhiteElo "2168"]
[BlackElo "2429"]
[PlyCount "158"]
[EventDate "2009.??.??"]
[EventRounds "9"]
[EventCountry "GER"]

1. e4 Nf6 2. e5 Nd5 3. d4 d6 4. f4 dxe5 5. fxe5 c5 6. c3 Nc6 7. Bb5 cxd4 8.
Qxd4 e6 9. Nf3 Bd7 10. Bxc6 Bxc6 11. Nbd2 Ne7 12. O-O Nf5 13. Qf2 Qc7 14. Nb3
Bd5 15. Kh1 Be7 16. Be3 b6 17. Nbd4 Nxe3 18. Qxe3 O-O 19. b3 Rad8 20. Rad1 a6
21. c4 Bb7 22. Qf4 h6 23. Rd3 Ba8 24. Rfd1 Qb7 25. Qg3 b5 26. cxb5 axb5 27. h3
Qb6 28. Ne2 Rxd3 29. Rxd3 Qc6 30. Nfd4 Qb7 31. Nf4 Bg5 32. Nf3 Qe7 33. Nh5 Be4
34. Rd4 Bxf3 35. Qxf3 Qc5 36. Re4 Rd8 37. Re1 Qd5 38. Re4 Qd1+ 39. Qxd1 Rxd1+
40. Kh2 Rd5 41. a4 bxa4 42. bxa4 Ra5 43. Kg3 Bd2 44. Rg4 g5 45. Nf6+ Kg7 46.
Rc4 Rxe5 47. Ne4 Ba5 48. Kf3 Rd5 49. g4 Rd3+ 50. Kg2 Be1 51. Kf1 Ba5 52. Kg2
Ra3 53. Ng3 Kf6 54. Nh5+ Ke7 55. Ng3 Kd6 56. Ne2 Kd5 57. Rd4+ Ke5 58. Rc4 Bd2
59. Rc7 f6 60. Rh7 Rxa4 61. Rxh6 Be3 62. Rh5 Ra2 63. Kf3 Ra3 64. Kg2 Bd2 65.
Rh8 Bf4 66. Rb8 Ke4 67. Rb6 e5 68. Rxf6 Ke3 69. Nxf4 gxf4 70. h4 e4 71. h5 Ra2+
72. Kh3 Kf3 73. g5 Ra1 74. Kh2 Ra2+ 75. Kh3 Ra1 76. Kh2 e3 77. g6 Ra5 78. h6
Rh5+ 79. Kg1 e2 0-1

[Event "IHEM 2009"]
[Site "Hamburg"]
[Date "2009.06.01"]
[Round "3.8"]
[White "Bach, Matthias"]
[Black "Ftacnik, Lubomir"]
[Result "1/2-1/2"]
[WhiteElo "2276"]
[BlackElo "2559"]
[PlyCount "108"]
[EventDate "2009.??.??"]
[EventRounds "9"]
[EventCountry "GER"]

1. d4 f5 2. g3 Nf6 3. Bg2 g6 4. Nh3 Bg7 5. O-O O-O 6. Nd2 d6 7. c3 e6 8. e4 Nc6
9. exf5 gxf5 10. Nc4 d5 11. Ne3 Ne7 12. Nf4 Ng6 13. Nc2 a5 14. Re1 Ra6 15. Re2
Nxf4 16. Bxf4 Nh5 17. Be5 f4 18. Ne1 Bh6 19. Nd3 fxg3 20. fxg3 b6 21. Rf2 Nf6
22. Qe2 Bg7 23. Raf1 Ra8 24. Rxf6 Rxf6 25. Bxf6 Bxf6 26. Qg4+ Kh8 27. Qh5 Qe7
28. Ne5 Kg8 29. Rf4 Ba6 30. Bh3 Rf8 31. Qg4+ Bg5 32. Qxe6+ Qxe6 33. Bxe6+ Kg7
34. Rxf8 Kxf8 35. Bxd5 Bc1 36. b3 Bb2 37. Kf2 Bxc3 38. Ke3 c5 39. Nf3 cxd4+ 40.
Nxd4 Kg7 41. Be4 Bb4 42. Ne6+ Kh6 43. h4 Bd6 44. Kf3 Bc8 45. Ng5 Be7 46. Nxh7
Be6 47. Ng5 Bxg5 48. hxg5+ Kxg5 49. Bc2 a4 50. bxa4 Bxa2 51. Ke3 Be6 52. Bd3
Bb3 53. Bb5 Bd1 54. Bd7 Bb3 1/2-1/2

[Event "IHEM 2009"]
[Site "Hamburg"]
[Date "2009.06.01"]
[Round "3.9"]
[White "Lindinger, Markus"]
[Black "Hebbinghaus, Holger"]
[Result "1/2-1/2"]
[WhiteElo "2283"]
[BlackElo "2298"]
[PlyCount "21"]
[EventDate "2009.??.??"]
[EventRounds "9"]
[EventCountry "GER"]

1. e4 e6 2. d4 d5 3. Nc3 Nf6 4. e5 Nfd7 5. f4 c5 6. Nf3 Nc6 7. Be3 cxd4 8. Nxd4
Bc5 9. Qd2 O-O 10. O-O-O a6 11. Qf2 1/2-1/2

[Event "IHEM 2009"]
[Site "Hamburg"]
[Date "2009.06.01"]
[Round "3.10"]
[White "Jacoby, Gisbert"]
[Black "Ritscher, Jan Paul"]
[Result "1/2-1/2"]
[WhiteElo "2196"]
[BlackElo "2295"]
[PlyCount "38"]
[EventDate "2009.??.??"]
[EventRounds "9"]
[EventCountry "GER"]

1. d4 d5 2. c4 e6 3. Nc3 f5 4. Nf3 c6 5. Bg5 Nf6 6. e3 Be7 7. Bd3 O-O 8. O-O
Ne4 9. Bxe7 Qxe7 10. Rc1 Nd7 11. Ne2 Kh8 12. a3 Nd6 13. Ne5 dxc4 14. Nxc4 e5
15. Nxe5 Nxe5 16. dxe5 Qxe5 17. Qc2 Be6 18. Nf4 Bf7 19. Qc5 Rfe8 1/2-1/2

[Event "IHEM 2009"]
[Site "Hamburg"]
[Date "2009.06.01"]
[Round "3.11"]
[White "Mueller, Joerg"]
[Black "Putzbach, Gerd"]
[Result "0-1"]
[WhiteElo "2098"]
[BlackElo "2286"]
[PlyCount "122"]
[EventDate "2009.??.??"]
[EventRounds "9"]
[EventCountry "GER"]
[WhiteTeam "SV Eidelstedt"]
[BlackTeam "Niendorfer TSV 1919 SAbt"]

1. e4 c5 2. d3 Nc6 3. Nf3 g6 4. g3 Bg7 5. Bg2 e6 6. O-O Nge7 7. c3 d5 8. Qe2 b6
9. e5 Ba6 10. Re1 h6 11. h4 Rc8 12. Nbd2 Nf5 13. Nf1 b5 14. Bf4 b4 15. Ne3 Nxe3
16. Qxe3 bxc3 17. bxc3 Ne7 18. Qd2 Qa5 19. Bf1 Kf8 20. Qc1 Kg8 21. Nh2 Kh7 22.
Ng4 Nf5 23. Bd2 Qa4 24. Nh2 d4 25. c4 Bb7 26. Rb1 Qc6 27. Rxb7 Qxb7 28. h5 Rb8
29. Qd1 Qb2 30. Bc1 Qxa2 31. Qf3 Rhf8 32. Qe4 Rb1 33. g4 Ne7 34. Nf3 a5 35. g5
Nf5 36. gxh6 Bxh6 37. Bxh6 Rxe1 38. Qxe1 Kxh6 39. Qc1+ Kg7 40. Qg5 Rg8 41. Qf6+
Kh6 42. Ng5 Kxh5 43. Ne4 Kh6 44. Qxf7 Rg7 45. Qf6 Re7 46. Nxc5 Qd2 47. Qf8+ Kh5
48. Ne4 Qh6 49. Qd8 g5 50. Qxa5 g4 51. Nf6+ Kh4 52. Qa8 Rg7 53. Qh1+ Kg5 54.
Qg2 Qh3 55. Qc6 Qf3 56. Ne4+ Kf4 57. Bg2 Qd1+ 58. Bf1 g3 59. fxg3+ Nxg3 60.
Nxg3 Rxg3+ 61. Kh2 Qh5+ 0-1

[Event "IHEM 2009"]
[Site "Hamburg"]
[Date "2009.06.01"]
[Round "3.12"]
[White "Kopisch, Martin"]
[Black "Siebrecht, Sebastian"]
[Result "0-1"]
[WhiteElo "2142"]
[BlackElo "2433"]
[PlyCount "76"]
[EventDate "2009.??.??"]
[EventRounds "9"]
[EventCountry "GER"]

1. d4 Nf6 2. Nf3 e6 3. e3 b6 4. Bd3 Bb7 5. c4 c5 6. Nc3 Be7 7. O-O cxd4 8. exd4
d6 9. b3 O-O 10. Bb2 Nbd7 11. Re1 Re8 12. Rc1 d5 13. Ne5 dxc4 14. bxc4 Bb4 15.
Re3 Nf8 16. a3 Bd6 17. Qe2 Ng6 18. g3 Bf8 19. Re1 Rc8 20. h4 a6 21. Rd1 Rc7 22.
h5 Nxe5 23. dxe5 Nd7 24. Be4 Qa8 25. Bxb7 Qxb7 26. Ne4 Nc5 27. Nd6 Bxd6 28.
exd6 Rd7 29. Qg4 f5 30. Qd4 h6 31. a4 Nxa4 32. Ba3 Qc6 33. Rde1 Nc5 34. Qa1
Rxd6 35. Re5 Qf3 36. Bxc5 bxc5 37. Qa4 Red8 38. Rxe6 Rxe6 0-1

[Event "IHEM 2009"]
[Site "Hamburg"]
[Date "2009.06.01"]
[Round "3.14"]
[White "Schulz, Hans Juergen"]
[Black "Bente, Bjoern"]
[Result "1-0"]
[WhiteElo "2013"]
[BlackElo "2273"]
[PlyCount "55"]
[EventDate "2009.??.??"]
[EventRounds "9"]
[EventCountry "GER"]
[WhiteTeam "Hamburger SK von 1830 eV"]
[BlackTeam "Hamburger SK von 1830 eV"]

1. e4 e5 2. f4 Bc5 3. Nf3 d6 4. c3 Nf6 5. d4 exd4 6. cxd4 Bb6 7. e5 dxe5 8.
fxe5 Nd5 9. Nc3 Nc6 10. Bg5 Nxc3 11. bxc3 Qd5 12. Qd3 Bg4 13. Be2 Qd7 14. h3
Bf5 15. Qd2 h6 16. Be3 a6 17. Rd1 Be4 18. Bd3 Qf5 19. Bxe4 Qxe4 20. O-O Na5 21.
Qf2 O-O 22. Rde1 Qg6 23. Nh4 Qe6 24. Qg3 Kh7 25. Nf5 Qg6 26. Qh4 Rae8 27. Nxh6
Re6 28. Nxf7+ 1-0

[Event "IHEM 2009"]
[Site "Hamburg"]
[Date "2009.06.01"]
[Round "3.15"]
[White "Weiss, Siegfried"]
[Black "Foerster, Andreas"]
[Result "0-1"]
[WhiteElo "2038"]
[BlackElo "2214"]
[PlyCount "63"]
[EventDate "2009.??.??"]
[EventRounds "9"]
[EventCountry "GER"]
[WhiteTeam "Königsspringer SC.1984 e.V."]
[BlackTeam "SK Union Eimsbüttel eV"]

1. e3 g6 2. d4 Bg7 3. Nf3 Nf6 4. Bd3 c5 5. O-O d6 6. c3 O-O 7. Re1 Nc6 8. h3
Nd7 9. d5 Na5 10. Nbd2 a6 11. Rb1 b5 12. b4 Nb7 13. Bb2 Nb6 14. c4 Bxb2 15.
Rxb2 cxb4 16. cxb5 Nxd5 17. bxa6 Nc5 18. Ne4 Nc3 19. Nxc3 bxc3 20. Rc2 Qa5 21.
Nd4 Bxa6 22. Bxa6 Rxa6 23. Qe2 Rc8 24. Rec1 Na4 25. Qe1 e5 26. Ne2 Rb6 27. Kh2
Rc5 28. e4 Rbc6 29. f4 Qb4 30. fxe5 Rxe5 31. Qg3 Rec5 32. Qg5 0-1

[Event "IHEM 2009"]
[Site "Hamburg"]
[Date "2009.06.02"]
[Round "4.1"]
[White "Berg, Klaus"]
[Black "Rogozenco, Dorian"]
[Result "1/2-1/2"]
[WhiteElo "2440"]
[BlackElo "2546"]
[PlyCount "37"]
[EventDate "2009.??.??"]
[EventRounds "9"]
[EventCountry "GER"]
[WhiteTeam "Preetzer TSV"]
[BlackTeam "ESV Nickelhütte Aue"]

1. d4 d5 2. c4 c6 3. Nf3 Nf6 4. cxd5 cxd5 5. Nc3 Nc6 6. Bf4 a6 7. Rc1 Bf5 8. e3
Rc8 9. Bd3 Bxd3 10. Qxd3 e6 11. O-O Be7 12. Na4 O-O 13. Qb3 b5 14. Nc5 Qb6 15.
Bg5 Rc7 16. Bf4 Rcc8 17. Bg5 Rc7 18. Bf4 Rcc8 19. Bg5 1/2-1/2

[Event "IHEM 2009"]
[Site "Hamburg"]
[Date "2009.06.02"]
[Round "4.2"]
[White "Rausis, Igor"]
[Black "Bosch, Jeroen"]
[Result "1/2-1/2"]
[WhiteElo "2492"]
[BlackElo "2429"]
[PlyCount "51"]
[EventDate "2009.??.??"]
[EventRounds "9"]
[EventCountry "GER"]
[WhiteTeam "SC Schwegenheim"]

1. c4 e5 2. g3 c6 3. Bg2 d5 4. cxd5 cxd5 5. d4 exd4 6. Qxd4 Nf6 7. Nf3 Nc6 8.
Qd3 Be7 9. O-O O-O 10. Nc3 Re8 11. a3 h6 12. Bf4 Bg4 13. Ne5 Be6 14. Rfd1 Bc5
15. Nxc6 bxc6 16. Na4 Bb6 17. Rac1 Bg4 18. Rd2 Qd7 19. Nxb6 axb6 20. f3 Bf5 21.
e4 Bh3 22. Qc3 Bxg2 23. Kxg2 c5 24. Be5 d4 25. Bxf6 gxf6 26. Qd3 1/2-1/2

[Event "IHEM 2009"]
[Site "Hamburg"]
[Date "2009.06.02"]
[Round "4.3"]
[White "Fries Nielsen, Jens Ove"]
[Black "Lanka, Zigurds"]
[Result "1/2-1/2"]
[WhiteElo "2403"]
[BlackElo "2470"]
[PlyCount "36"]
[EventDate "2009.??.??"]
[EventRounds "9"]
[EventCountry "GER"]
[WhiteTeam "Preetzer TSV"]
[BlackTeam "TSV Schott Mainz"]

1. b3 Nf6 2. Bb2 g6 3. Bxf6 exf6 4. c4 Bg7 5. Nc3 f5 6. g3 d6 7. Bg2 Nd7 8. e3
O-O 9. Nge2 Re8 10. O-O a6 11. b4 h5 12. h4 Ne5 13. d3 Ng4 14. Qd2 c6 15. Nf4
Bd7 16. a4 Bh8 17. Rab1 Qf6 18. d4 Be6 1/2-1/2

[Event "IHEM 2009"]
[Site "Hamburg"]
[Date "2009.06.02"]
[Round "4.6"]
[White "Putzbach, Gerd"]
[Black "Ftacnik, Lubomir"]
[Result "0-1"]
[WhiteElo "2286"]
[BlackElo "2559"]
[PlyCount "72"]
[EventDate "2009.??.??"]
[EventRounds "9"]
[EventCountry "GER"]
[WhiteTeam "Niendorfer TSV 1919 SAbt"]
[BlackTeam "Hamburger SK von 1830 eV"]

1. e4 c5 2. Nf3 d6 3. d4 cxd4 4. Nxd4 Nf6 5. Nc3 e6 6. Be3 a6 7. Rg1 b5 8. a3
Bb7 9. Bd3 Nbd7 10. g4 d5 11. f3 e5 12. g5 exd4 13. gxf6 dxe3 14. exd5 Qxf6 15.
Qe2 Qh4+ 16. Kd1 Qf2 17. Qxf2 exf2 18. Rg2 Bc5 19. Rxg7 Ne5 20. Ke2 Bd4 21.
Rxh7 Nxd3 22. Rxh8+ Bxh8 23. Kxd3 Rd8 24. Rf1 Bxd5 25. Rxf2 Bxf3+ 26. Ke3 Bh5
27. Rf4 Bg6 28. a4 Bxc3 29. bxc3 Bxc2 30. axb5 axb5 31. Rd4 Rxd4 32. Kxd4 Bb3
33. Ke5 Ke7 34. h4 f6+ 35. Kf4 Kf7 36. h5 Bd1 0-1

[Event "IHEM 2009"]
[Site "Hamburg"]
[Date "2009.06.02"]
[Round "4.7"]
[White "Siebrecht, Sebastian"]
[Black "Lindinger, Markus"]
[Result "1/2-1/2"]
[WhiteElo "2433"]
[BlackElo "2283"]
[PlyCount "33"]
[EventDate "2009.??.??"]
[EventRounds "9"]
[EventCountry "GER"]
[WhiteTeam "Sportfreunde Katernberg 1913 e.V"]
[BlackTeam "Hamburger SK von 1830 eV"]

1. d4 d5 2. Nf3 Nf6 3. c4 e6 4. g3 dxc4 5. Qa4+ Nbd7 6. Qxc4 a6 7. Bg2 b5 8.
Qc6 Rb8 9. Bf4 Nd5 10. Bd2 Bb7 11. Qc2 c5 12. dxc5 Bxc5 13. Nc3 Rc8 14. a3 Be7
15. Qb1 O-O 16. O-O Nc5 17. Qd1 1/2-1/2

[Event "IHEM 2009"]
[Site "Hamburg"]
[Date "2009.06.02"]
[Round "4.10"]
[White "Rosmann, Ilja"]
[Black "Pajeken, Wolfgang"]
[Result "1/2-1/2"]
[WhiteElo "2282"]
[BlackElo "2317"]
[PlyCount "56"]
[EventDate "2009.??.??"]
[EventRounds "9"]
[EventCountry "GER"]
[WhiteTeam "Königsspringer SC.1984 e.V."]
[BlackTeam "Hamburger SK von 1830 eV"]

1. e4 e5 2. Nf3 Nc6 3. Bb5 a6 4. Ba4 Nf6 5. Qe2 b5 6. Bb3 Be7 7. a4 b4 8. a5
O-O 9. O-O d6 10. h3 Bb7 11. d3 Nb8 12. Nbd2 c5 13. Nc4 Nc6 14. c3 Rb8 15. Bg5
Bc8 16. Qc2 Be6 17. Nfd2 Nh5 18. Be3 Nf4 19. Bxf4 exf4 20. Nb6 Nxa5 21. Bxe6
fxe6 22. Rxa5 Qxb6 23. Nc4 Qb7 24. cxb4 d5 25. Ne5 Bd6 26. Nf3 Qxb4 27. Rxa6
Rb6 28. Rfa1 Rfb8 1/2-1/2

[Event "IHEM 2009"]
[Site "Hamburg"]
[Date "2009.06.02"]
[Round "4.11"]
[White "Hebbinghaus, Holger"]
[Black "Maahs, Erich"]
[Result "1/2-1/2"]
[WhiteElo "2298"]
[BlackElo "2168"]
[PlyCount "57"]
[EventDate "2009.??.??"]
[EventRounds "9"]
[EventCountry "GER"]
[WhiteTeam "SK Marmstorf GW Harburg"]
[BlackTeam "SC Concordia SAbt Palamedes"]

1. d4 d5 2. c4 dxc4 3. Nf3 e6 4. e3 a6 5. Bxc4 Nf6 6. O-O b5 7. Bb3 Bb7 8. a4
b4 9. Nbd2 Nbd7 10. a5 Be7 11. Qe2 c5 12. Ne5 O-O 13. Ndc4 Qc7 14. Bd2 Bd5 15.
Nxd7 Nxd7 16. e4 Bb7 17. Rac1 Rac8 18. dxc5 Nxc5 19. Bc2 Nd7 20. Ba4 Qb8 21.
Rfd1 Nc5 22. Bxb4 Qf4 23. Bc2 Bc6 24. Qe3 Qxe3 25. Nxe3 Rb8 26. Ba3 Rfc8 27. e5
Bb5 28. Bb1 Bf8 29. f4 1/2-1/2

[Event "IHEM 2009"]
[Site "Hamburg"]
[Date "2009.06.02"]
[Round "4.12"]
[White "Foerster, Andreas"]
[Black "Ritscher, Jan Paul"]
[Result "0-1"]
[WhiteElo "2214"]
[BlackElo "2295"]
[PlyCount "36"]
[EventDate "2009.??.??"]
[EventRounds "9"]
[EventCountry "GER"]
[WhiteTeam "SK Union Eimsbüttel eV"]
[BlackTeam "SF Hamburg eV 1934"]

1. d4 f5 2. c4 e6 3. e3 Nf6 4. Bd3 d5 5. Nc3 c6 6. Nge2 Bd6 7. Qc2 Ne4 8. g3
O-O 9. Bd2 Qe7 10. c5 Bc7 11. f4 b6 12. Bxe4 fxe4 13. b4 Ba6 14. cxb6 axb6 15.
b5 cxb5 16. Qb3 Qd7 17. O-O Nc6 18. Nxb5 Na5 0-1

[Event "IHEM 2009"]
[Site "Hamburg"]
[Date "2009.06.02"]
[Round "4.13"]
[White "Schulz, Hans Juergen"]
[Black "Strobel, Holger"]
[Result "1/2-1/2"]
[WhiteElo "2013"]
[BlackElo "2255"]
[PlyCount "78"]
[EventDate "2009.??.??"]
[EventRounds "9"]
[EventCountry "GER"]
[WhiteTeam "Hamburger SK von 1830 eV"]
[BlackTeam "SK Union Eimsbüttel eV"]

1. e4 c5 2. b4 cxb4 3. Bb2 Nf6 4. e5 Nd5 5. c4 bxc3 6. dxc3 e6 7. a3 Bc5 8. Qc2
Nc6 9. Nd2 f5 10. exf6 Nxf6 11. Ngf3 d5 12. Bd3 Qc7 13. c4 Be7 14. cxd5 exd5
15. O-O Bg4 16. Rfe1 O-O-O 17. h3 Bd7 18. Ng5 Rhf8 19. Ne6 Bxe6 20. Rxe6 Bd6
21. Bb5 Kb8 22. Rc1 Qf7 23. Re3 d4 24. Re2 Rc8 25. Qa4 Rfe8 26. Rxe8 Qxe8 27.
Nf3 Qe4 28. Bxc6 Rxc6 29. Re1 Qc2 30. Qxd4 a5 31. Ne5 Bxe5 32. Qxe5+ Kc8 33.
Rc1 Qd3 34. Rxc6+ bxc6 35. Bd4 Qxa3 36. Qe6+ Kc7 37. Qf7+ Kc8 38. Qe6+ Kb7 39.
Qf7+ Ka6 1/2-1/2

[Event "IHEM 2009"]
[Site "Hamburg"]
[Date "2009.06.02"]
[Round "4.15"]
[White "Bente, Bjoern"]
[Black "Weiss, Siegfried"]
[Result "1-0"]
[WhiteElo "2273"]
[BlackElo "2038"]
[PlyCount "77"]
[EventDate "2009.??.??"]
[EventRounds "9"]
[EventCountry "GER"]
[WhiteTeam "Hamburger SK von 1830 eV"]
[BlackTeam "Königsspringer SC.1984 e.V."]

1. d4 e6 2. c4 f5 3. Nc3 Nf6 4. f3 Bb4 5. Bd2 O-O 6. e3 d5 7. Bd3 b6 8. Nge2
Bd6 9. Qc2 c5 10. O-O Nc6 11. Nb5 cxd4 12. cxd5 Ne5 13. Nexd4 Nxd3 14. Qxd3
Nxd5 15. Rac1 Ne7 16. Qb3 Bc5 17. Nxe6 Bxe6 18. Qxe6+ Kh8 19. Rcd1 Rf6 20. Qb3
f4 21. Bc3 Qf8 22. Bxf6 Qxf6 23. Nd4 Nf5 24. Nxf5 Qxf5 25. Qd5 Qf8 26. Rfe1 Re8
27. Kh1 fxe3 28. h3 a5 29. a3 Qf4 30. Qd7 Rf8 31. Qd5 h6 32. Re2 Rf5 33. Qe4
Qg5 34. b4 Rf4 35. Qe8+ Rf8 36. Qb5 axb4 37. axb4 Rd8 38. Rc1 Qh4 39. bxc5 1-0

[Event "IHEM 2009"]
[Site "Hamburg"]
[Date "2009.06.02"]
[Round "4.16"]
[White "Sechting, Martin"]
[Black "Kopisch, Martin"]
[Result "0-1"]
[WhiteElo "2121"]
[BlackElo "2142"]
[PlyCount "76"]
[EventDate "2009.??.??"]
[EventRounds "9"]
[EventCountry "GER"]
[WhiteTeam "Hamburger SK von 1830 eV"]
[BlackTeam "Bille SC von 1924 e.V."]

1. d4 e6 2. e4 b6 3. Bd3 Bb7 4. Nf3 c5 5. c3 d6 6. O-O Nd7 7. Re1 Ngf6 8. d5 e5
9. Nbd2 Be7 10. Nf1 Qc7 11. c4 Nh5 12. Bc2 g6 13. Ba4 O-O-O 14. Ng5 Rdf8 15.
Qg4 Nhf6 16. Qh3 Kb8 17. Qh6 Bc8 18. Qh3 Nh5 19. Bd1 h6 20. Nxf7 Rxf7 21. Bxh5
Nf6 22. Qg3 gxh5 23. Ne3 Ng4 24. Nxg4 hxg4 25. a4 a5 26. Bd2 h5 27. Ra3 h4 28.
Qb3 Ka7 29. Qe3 Rh5 30. Rea1 Bg5 31. Qe1 Bxd2 32. Qxd2 Rh8 33. Re3 Rhf8 34. Re2
Qe7 35. Qh6 Bd7 36. b3 Qf6 37. Qd2 g3 38. fxg3 Qf1+ 0-1

[Event "IHEM 2009"]
[Site "Hamburg"]
[Date "2009.06.02"]
[Round "4.17"]
[White "Kull, Florian"]
[Black "Hawranke, Dietrich"]
[Result "1/2-1/2"]
[WhiteElo "2167"]
[BlackElo "2176"]
[PlyCount "101"]
[EventDate "2009.??.??"]
[EventRounds "9"]
[EventCountry "GER"]
[WhiteTeam "SF Hamburg eV 1934"]
[BlackTeam "Pinneberger SC 1932 eV"]

1. Nf3 c5 2. c4 Nc6 3. d4 cxd4 4. Nxd4 g6 5. e4 Bg7 6. Nc2 d6 7. Be2 Nf6 8. Nc3
O-O 9. O-O Nd7 10. Ne3 Nd4 11. Ned5 Nxe2+ 12. Qxe2 h6 13. Be3 Ne5 14. f3 b6 15.
Rac1 Nc6 16. Rfd1 Bb7 17. Qf2 Ne5 18. b3 e6 19. Nf4 Qe7 20. Nd3 Kh7 21. Nxe5
Bxe5 22. Qd2 Rfd8 23. Bxh6 Qh4 24. Bg5 Qxh2+ 25. Kf1 f6 26. Be3 Kg7 27. Ne2 g5
28. Bd4 g4 29. Bxe5 Qxe5 30. Qf4 gxf3 31. gxf3 Qxf4 32. Nxf4 Kf7 33. Kf2 Rac8
34. Rh1 Rh8 35. Rcd1 e5 36. Rxh8 Rxh8 37. Rxd6 exf4 38. Rd7+ Ke6 39. Rxb7 Rh2+
40. Ke1 Rxa2 41. Rh7 Rb2 42. Rxa7 Rxb3 43. Rb7 Rxf3 44. Rxb6+ Ke5 45. Kd2 Kxe4
46. Rxf6 Kd4 47. Ke2 Re3+ 48. Kf2 Ke5 49. Rf8 Rc3 50. Re8+ Kd4 51. Rd8+ 1/2-1/2

[Event "IHEM 2009"]
[Site "Hamburg"]
[Date "2009.06.03"]
[Round "5.2"]
[White "Fries Nielsen, Jens Ove"]
[Black "Rausis, Igor"]
[Result "1/2-1/2"]
[WhiteElo "2403"]
[BlackElo "2492"]
[PlyCount "54"]
[EventDate "2009.??.??"]
[EventRounds "9"]
[EventCountry "GER"]
[WhiteTeam "Preetzer TSV"]
[BlackTeam "SC Schwegenheim"]

1. Nf3 d5 2. b3 Nf6 3. Bb2 g6 4. c4 Bg7 5. cxd5 O-O 6. Bxf6 Bxf6 7. Nc3 c6 8.
dxc6 Nxc6 9. g3 Qa5 10. Rc1 Nb4 11. Bg2 Nxa2 12. Nxa2 Qxa2 13. O-O Be6 14. Rb1
Rfd8 15. d4 Bf5 16. Rc1 Rac8 17. Ra1 Qb2 18. Rxa7 b5 19. e3 Rc3 20. Qa1 Qxa1
21. Rfxa1 Rxb3 22. Nd2 Rb2 23. Ne4 Bxe4 24. Bxe4 b4 25. Ra8 Rxa8 26. Rxa8+ Kg7
27. Rb8 h5 1/2-1/2

[Event "IHEM 2009"]
[Site "Hamburg"]
[Date "2009.06.03"]
[Round "5.3"]
[White "Lanka, Zigurds"]
[Black "Berg, Klaus"]
[Result "1/2-1/2"]
[WhiteElo "2470"]
[BlackElo "2440"]
[PlyCount "57"]
[EventDate "2009.??.??"]
[EventRounds "9"]
[EventCountry "GER"]
[WhiteTeam "TSV Schott Mainz"]
[BlackTeam "Preetzer TSV"]

1. e4 c6 2. d4 d5 3. exd5 cxd5 4. c4 Nf6 5. Nc3 e6 6. Nf3 Be7 7. cxd5 Nxd5 8.
Bd3 Nc6 9. a3 Nf6 10. Bc2 b6 11. Qd3 Bb7 12. O-O O-O 13. Re1 g6 14. Bh6 Re8 15.
h4 Rc8 16. Rad1 a6 17. Bb3 b5 18. Ng5 Bf8 19. Bxf8 Rxf8 20. Ba2 Na5 21. Qe2 Nc4
22. Rd3 Nd5 23. Nxd5 Qxd5 24. f3 Rfd8 25. Red1 Qd6 26. Rc3 Qf4 27. Bxc4 Rxc4
28. Rxc4 bxc4 29. Ne4 1/2-1/2

[Event "IHEM 2009"]
[Site "Hamburg"]
[Date "2009.06.03"]
[Round "5.4"]
[White "Bosch, Jeroen"]
[Black "Kopylov, Mihail"]
[Result "1-0"]
[WhiteElo "2429"]
[BlackElo "2457"]
[PlyCount "65"]
[EventDate "2009.??.??"]
[EventRounds "9"]
[EventCountry "GER"]
[BlackTeam "SK Norderstedt von 1975"]

1. e4 d5 2. exd5 Qxd5 3. Nc3 Qa5 4. Nf3 Nf6 5. g3 g6 6. Bg2 Bg7 7. O-O Qh5 8.
Ne2 O-O 9. d4 Nd5 10. c4 Bg4 11. Qb3 Nb6 12. h3 Bc8 13. c5 Be6 14. Qd1 Nd5 15.
g4 Bxg4 16. hxg4 Qxg4 17. Ne5 Bxe5 18. dxe5 c6 19. Nc3 Qxd1 20. Rxd1 e6 21. Bh6
Rc8 22. f4 Nd7 23. Ne4 Rc7 24. Rac1 b6 25. a3 Rb8 26. cxb6 Rxb6 27. b4 Ra6 28.
Rd3 Rb6 29. Nf6+ N7xf6 30. exf6 Rd7 31. Bxd5 exd5 32. Kf2 Rb8 33. Rxc6 1-0